[Event "SVK-ch U08"]
[Site "Liptovsky Mikulas"]
[Date "2017.04.28"]
[Round "9"]
[White "Urban, Jan"]
[Black "Elias, Simon"]
[Result "0-1"]
[WhiteElo "1000"]
[BlackElo "1000"]
[PlyCount "50"]
[EventDate "2017.04.22"]
[EventType "swiss"]
[EventRounds "9"]
[EventCountry "SVK"]
[SourceTitle "CBM 178 Extra"]
[Source "ChessBase"]
[SourceDate "2017.06.22"]
[SourceVersion "1"]
[SourceVersionDate "2017.06.22"]
[SourceQuality "1"]

1. e4 e5 2. Nf3 Nc6 3. Bb5 Bb4 4. Bxc6 dxc6 5. Nxe5 Nf6 6. f3 0-0 7. 0-0 Re8 8. d4 Be6 9. c3 Ba5 10. c4 a6 11. Rf2 b5 12. Nxc6 Qd7 13. Nxa5 bxc4 14. b3 Qb5 15. Nxc4 Bxc4 16. bxc4 Qxc4 17. Rd2 Qb4 18. Ba3 Qa5 19. d5 h6 20. Qc1 Rac8 21. g4 Qb6+ 22. Rf2 Qd4 23. Bb2 Qb4 24. Nc3 c6 25. Ba3 Qd4 0-1

[Event "SVK-ch U08"]
[Site "Liptovsky Mikulas"]
[Date "2017.04.27"]
[Round "8"]
[White "Urban, Jan"]
[Black "Vresilovic, Matus"]
[Result "0-1"]
[WhiteElo "1000"]
[BlackElo "1000"]
[PlyCount "70"]
[EventDate "2017.04.22"]
[EventType "swiss"]
[EventRounds "9"]
[EventCountry "SVK"]
[SourceTitle "CBM 178 Extra"]
[Source "ChessBase"]
[SourceDate "2017.06.22"]
[SourceVersion "1"]
[SourceVersionDate "2017.06.22"]
[SourceQuality "1"]

1. e4 e5 2. Nc3 Nf6 3. Nf3 Nc6 4. Bb5 Nd4 5. Nxe5 Nxb5 6. Nxb5 Bc5 7. f3 0-0 8. Nd3 d6 9. e5 Nd7 10. f4 Re8 11. Qe2 dxe5 12. fxe5 h6 13. Qe4 Be7 14. Rf1 Bf6 15. exf6 Rxe4+ 16. Kf2 Nxf6 17. Nc5 Ng4+ 18. Kf3 Nxh2+ 19. Kxe4 Nxf1 20. d3 Bf5+ 21. Kxf5 Qd5+ 22. Kf4 Qxc5 23. Kf3 Re8 24. Na3 Qh5+ 25. Kf4 Qe5+ 26. Kg4 Nh2+ 27. Kh3 Re6 28. Kh4 Rg6 29. Bd2 Qg3+ 30. Kh5 Qh3+ 31. gxh3 Kh7 32. Kh4 Nf3+ 33. Kh5 Nxd2 34. Rd1 Nf3 35. Rf1 Rg5# 0-1

[Event "SVK-ch U08"]
[Site "Liptovsky Mikulas"]
[Date "2017.04.26"]
[Round "7"]
[White "Boba, Kristian"]
[Black "Urban, Jan"]
[Result "1-0"]
[WhiteElo "1103"]
[BlackElo "1000"]
[PlyCount "65"]
[EventDate "2017.04.22"]
[EventType "swiss"]
[EventRounds "9"]
[EventCountry "SVK"]
[SourceTitle "CBM 178 Extra"]
[Source "ChessBase"]
[SourceDate "2017.06.22"]
[SourceVersion "1"]
[SourceVersionDate "2017.06.22"]
[SourceQuality "1"]

1. e4 e5 2. Nc3 Nf6 3. Nf3 Nc6 4. Be2 Bb4 5. a3 Bxc3 6. dxc3 Nxe4 7. Bd3 Nf6 8. Be2 0-0 9. Bg5 e4 10. Nd4 Qe8 11. Qd2 Qe5 12. Bf4 Qa5 13. b4 Qa4 14. Bb5 Rb8 15. Bxa4 d6 16. 0-0 Nd5 17. Be3 Ne5 18. Bb3 c6 19. Bxd5 cxd5 20. Qc1 Bg4 21. f3 exf3 22. gxf3 Bh3 23. Rf2 Rbc8 24. Bd2 Rc4 25. Qb2 b6 26. Ne2 Rh4 27. Nf4 Re8 28. Ng2 Ng6 29. Bg5 Re5 30. Bxh4 Nxh4 31. Qc1 Rg5 32. Qxg5 Nxg2 33. Qd8# 1-0

[Event "SVK-ch U08"]
[Site "Liptovsky Mikulas"]
[Date "2017.04.23"]
[Round "3"]
[White "Urban, Jan"]
[Black "Kocan, Dominik"]
[Result "0-1"]
[WhiteElo "1000"]
[BlackElo "1000"]
[PlyCount "80"]
[EventDate "2017.04.22"]
[EventType "swiss"]
[EventRounds "9"]
[EventCountry "SVK"]
[SourceTitle "CBM 178 Extra"]
[Source "ChessBase"]
[SourceDate "2017.06.22"]
[SourceVersion "1"]
[SourceVersionDate "2017.06.22"]
[SourceQuality "1"]

1. e4 e5 2. Nf3 Nc6 3. Nc3 Nf6 4. d3 d6 5. Bg5 h6 6. Be3 b6 7. a4 Be6 8. Nd5 a6 9. Nc3 g6 10. h3 Bg7 11. g4 0-0 12. Qd2 g5 13. 0-0-0 a5 14. Nb5 Kh7 15. h4 gxh4 16. Rxh4 Bxg4 17. Rxg4 Nxg4 18. Bd4 exd4 19. Qf4 Qc8 20. Qxg4 Qxg4 21. Be2 Qf4+ 22. Kb1 Qf5 23. Rg1 Qc5 24. Bf1 Qb4 25. b3 Bh8 26. Bh3 Ne5 27. Ne1 Rg8 28. Bf5+ Rg6 29. Rxg6 Nxg6 30. Nf3 Qc5 31. Nh4 Qb4 32. Nxg6 fxg6 33. Be6 Qe1+ 34. Kb2 Re8 35. Bd7 Rd8 36. Bc6 Rf8 37. Nxc7 Rxf2 38. Ne8 h5 39. Nxd6 Rf1 40. Be8 Qa1# 0-1

[Event "SVK-ch U08"]
[Site "Liptovsky Mikulas"]
[Date "2017.04.22"]
[Round "1"]
[White "Durana, Jonas"]
[Black "Urban, Jan"]
[Result "1-0"]
[WhiteElo "1000"]
[BlackElo "1000"]
[PlyCount "37"]
[EventDate "2017.04.22"]
[EventType "swiss"]
[EventRounds "9"]
[EventCountry "SVK"]
[SourceTitle "CBM 178 Extra"]
[Source "ChessBase"]
[SourceDate "2017.06.22"]
[SourceVersion "1"]
[SourceVersionDate "2017.06.22"]
[SourceQuality "1"]

1. d4 d5 2. c4 dxc4 3. e4 Nc6 4. Nf3 Nf6 5. Nc3 e6 6. Bxc4 Bc5 7. dxc5 Bd7 8. 0-0 Nb4 9. Ng5 Bc6 10. e5 Ng4 11. Qxg4 Qd7 12. Rd1 Qe7 13. Bxe6 h6 14. Nxf7 Rf8 15. Qg6 Rg8 16. Nxh6+ Kf8 17. Nxg8 Nc2 18. Nxe7 Kxe7 19. Qf7# 1-0